Logo

Description automatically generated
विद्यार्जन
 संसाधन केंद्र, भारतीय प्रौद्योगिकी संस्थान इन्दौर
Learning Resource Center, Indian Institute of Technology Indore

ऑनलाइन सार्वजनिक अभिगम प्रसूची
Online Public Access Catalogue (OPAC)

The mystery of Munroe Island and other stories (Record no. 57368)

MARC details
000 -LEADER
fixed length control field 00698nam a2200229Ia 4500
005 - DATE AND TIME OF LATEST TRANSACTION
control field 20260704175957.0
008 - FIXED-LENGTH DATA ELEMENTS--GENERAL INFORMATION
fixed length control field 260704s9999||||xx |||||||||||||| ||und||
020 ## - INTERNATIONAL STANDARD BOOK NUMBER
International Standard Book Number 9780143333289
Qualifying information pbk
082 ## - DEWEY DECIMAL CLASSIFICATION NUMBER
Classification number 891.44301
Item number RAY
100 ## - MAIN ENTRY--PERSONAL NAME
Personal name Ray, Satyajit
245 #4 - TITLE STATEMENT
Title The mystery of Munroe Island and other stories
260 ## - PUBLICATION, DISTRIBUTION, ETC.
Place of publication, distribution, etc. Gurgaon
Name of publisher, distributor, etc. Puffin Books/Penguin Random House India
Date of publication, distribution, etc. 2015
300 ## - PHYSICAL DESCRIPTION
Extent 381p. ; 18cm.
653 ## - INDEX TERM--UNCONTROLLED
Uncontrolled term Adventure stories, Indic
653 ## - INDEX TERM--UNCONTROLLED
Uncontrolled term Detective and mystery stories, Indic
653 ## - INDEX TERM--UNCONTROLLED
Uncontrolled term India—Fiction
653 ## - INDEX TERM--UNCONTROLLED
Uncontrolled term Juvenile fiction, Indic
653 ## - INDEX TERM--UNCONTROLLED
Uncontrolled term Short stories, Indic
653 ## - INDEX TERM--UNCONTROLLED
Uncontrolled term Short stories, Indic
700 ## - ADDED ENTRY--PERSONAL NAME
Personal name Majumdar, Indrani [tr.]
942 ## - ADDED ENTRY ELEMENTS (KOHA)
Koha item type Book
Holdings
Withdrawn status Lost status Damaged status Not for loan Home library Current library Shelving location Date acquired Source of acquisition Total Checkouts Full call number Barcode Date last seen Price effective from Koha item type
        LRC, IIT Indore LRC, IIT Indore 2nd Floor - General Stack 04/07/2026 Gratis Book Price: INR 299.00   891.44301 RAY G2593 04/07/2026 04/07/2026 Book
Copyright © 2017-2026 Indian Institute of Technology Indore. All Rights Reserved.
Managed & maintained by Learning Resource Center, IIT Indore